Elektroenergetika 3 : Skraty v elektrizačnej sústave. Príklady /

Gespeichert in:
Bibliographische Detailangaben
1. Verfasser: Kvasnica, Pavol (Verfasst von)
Format: Buch
Sprache:Slowakisch
Veröffentlicht: Bratislava : STU v Bratislave, 1984
Ausgabe:2.vyd.
Tags: Tag hinzufügen
Keine Tags, Fügen Sie das erste Tag hinzu!

MARC

LEADER 00000nam a22000003a 4500
001 stu6417
005 20150617225807.7
008 940803s1984----cs------------------slo-d
040 |a STU  |b slo 
041 0 |a slo 
044 |a cs 
100 1 |a Kvasnica, Pavol  |4 aut 
245 1 |a Elektroenergetika 3 :  |b Skraty v elektrizačnej sústave. Príklady /  |c Aut.: Kvasnica,Pavol a kol 
250 |a 2.vyd. 
260 |a Bratislava :  |b STU v Bratislave,  |c 1984 
300 |a 155 s 
996 |b 284EK08961  |c E*53739  |l EE0105  |s P  |a 0  |w stu6417_0001